Ανδοκίδης άπαντα
Αποθηκεύτηκε σε:
| Κύριος συγγραφέας: | |
|---|---|
| Συγγραφή απο Οργανισμό/Αρχή: | |
| Μορφή: | Βιβλίο |
| Γλώσσα: | Greek Ancient Greek |
| Δημοσίευση: |
Αθήνα :
Κάκτος,
c1996.
|
| Σειρά: | Έλληνες (Εκδόσεις Κάκτος)
239 |
| Θέματα: | |
| Ετικέτες: |
Προσθήκη ετικέτας
Δεν υπάρχουν, Καταχωρήστε ετικέτα πρώτοι!
|
MARC
| LEADER | 00000cam a2200000 i 4500 | ||
|---|---|---|---|
| 001 | 1/61329 | ||
| 008 | 040920s1996 gr | ||| |||| ||gre|| | ||
| 020 | |a 9603522546 | ||
| 035 | |l 10074454 | ||
| 040 | |a GR-MyUa |b gre |e AACR2 | ||
| 041 | 1 | |a gre |a grc |h grc | |
| 082 | 7 | |a 885.3 | |
| 100 | 0 | |a Ανδοκίδης, |d π. 440-π. 390. | |
| 245 | 1 | 0 | |a Ανδοκίδης άπαντα / |c Ανδοκίδης ; εισαγωγή, μετάφραση, σχόλια Φιλολογική Ομάδα Κάκτου. |
| 260 | |a Αθήνα : |b Κάκτος, |c c1996. | ||
| 300 | |a 233 σ. ; |c 22 εκ. | ||
| 490 | 1 | |a (Οι Έλληνες ; |v 239) | |
| 505 | 8 | |a Περί των μυστηρίων -- Περί της εαυτού καθόδου -- Περί της προς Λακεδαιμονίους ειρήνης -- Κατά Αλκιβιάδου -- Αποσπάσματα. | |
| 650 | 0 | 0 | |a Philosophy, Ancient. |
| 650 | 0 | 0 | |a Rhetoric, Ancient. |
| 710 | 2 | |a Φιλολογική Ομάδα Κάκτου. | |
| 830 | 0 | |a Έλληνες (Εκδόσεις Κάκτος) |v 239 | |
| 852 | |a INST |b LESVOS |e 20040920 |h 885.3 ΑΝΔ |p 005100030414 |q 005100030414 |t BK |y 0 | ||
| 901 | |a BIBL1-2004-3 | ||
| 922 | |a 1ΕΛΗ |b 199912 |c ΤΑΚ/ΚΥΒ |d ΠΑΠΑΣΩΤΗΡΙΟΥ | ||
| 950 | |a 023-1999-12-06 | ||
| 970 | |a ΤΖΑΦΕΡΗ |b ΕΥΑΓΓΕΛΙΑ |z 2004/09/20 | ||